BIBLIOTHÈQUE DE LA MAISON DU MEXIQUE

Logo 1 Logo 2

La mujer domada (notice nᵒ 9447)

détails MARC
000 -Sello discográfico
campo de control de longitud fija 00966nam a2200349 4500
005 - Identificación de versión
campo de control 20251017062749.0
035 ## - Otros números de control del sistema
Número de control del sistema 1623
099 ## - fechas locales
Tipo de ítem Koha LIBRO
100 ## - Datos de procesamiento general
Datos de procesamiento general 20030730d1946 m y1spay5003 ba
105 ## - Campo de datos codificados: Material textual, monográfico
Datos codificados de monografía y 000ay
200 1# - Título y mención de responsabilidad
Título propio La mujer domada
Designación general del material texto impreso
Primer mención de responsabilidad Mariano Azuela
210 ## - Publicación, distribución, etc.
Lugar de publicación, distribución, etc. México
Nombre del editor, distribuidor, etc. El Colegio Nacional
Fecha de publicación, distribución, etc. 1946
215 ## - Descripción física
Designación de material específico y extensión del ítem 197 p
Dimensiones 24 cm
318 ## - Nota de acción
Acción No se presta a domicilio
345 ## - Nota de información de adquisición
Fuente de adquisición/dirección de la suscripción [OBSOLETO] Donación
606 ## - Término temático usado como materia
Elemento de entrada Novela mexicana
Subdivisión cronológica Siglo XX
Número Koha 64
660 ## - Código de área geográfica
Código MX
700 ## - Nombre personal - Responsabilidad primaria
Elemento de entrada Azuela González
Parte del nombre distinta del elemento de entrada Mariano
Fechas 1873-1952
Número Koha 2383
801 #0 - Fuente de origen
Agencia cm
900 ## -
-- 1/4038
900 ## -
-- 7100315785\300703
942 ## - ELEMENTOS DE ENTRADA SECUNDARIOS (KOHA)
Tipo de ítem Koha Livre
996 ## -
-- MEX
-- 751145101
-- MMAG
-- 005570
-- 863.64 A997MU
-- 20211214LIV
996 ## -
-- MEX
-- 751145101
-- MMAG
-- 005571
-- R863.64 A997MU
-- 20211214LIV
Exemplaires
Estatus retirado Estado de daño Estado de pérdida Fecha de adquisición Biblioteca de origen Biblioteca actual Ubicación en estantería Código de barras Precio de reemplazo Signatura topográfica completa No para préstamo Tipo de ítem Koha Nota pública Nota no pública
      05/08/2025 Casa México Paris Casa México Paris   005570 05/08/2025 863.64 A997MU No se presta a domicilio Livre 20211214LIV 751145101